[Event "CAN-ch"]
[Site "Kingston CAN"]
[Date "2022.04.14"]
[Round "2.1"]
[White "Zhang, Yuanchen"]
[Black "Noritsyn, Nikolay"]
[Result "1-0"]
[WhiteElo "2330"]
[BlackElo "2512"]
[PlyCount "173"]
[EventDate "2022.04.13"]
[EventType "swiss"]
[EventRounds "9"]
[EventCountry "CAN"]

1. d4 e6 2. c4 d5 3. Nc3 h6 4. Nf3 Nf6 5. Bf4 Bd6 6. Bg3 O-O 7. e3 b6 8. Rc1 c5
9. cxd5 exd5 10. Ne5 Bb7 11. Be2 Na6 12. O-O Nc7 13. Bf3 Re8 14. Qb3 c4 15. Qc2
b5 16. Rfe1 b4 17. Na4 Rb8 18. Nc5 Ne6 19. Nxb7 Rxb7 20. Bh4 Ng5 21. Bxg5 hxg5
22. Qf5 b3 23. axb3 Rxb3 24. Bxd5 Bxe5 25. Bxc4 Bxh2+ 26. Kxh2 Rxb2 27. Kg1 g4
28. g3 Rd2 29. Re2 Rxe2 30. Bxe2 g6 31. Qf4 Kg7 32. Qc7 a5 33. Bb5 Rh8 34. Qb7
Qd5 35. Qxd5 Nxd5 36. Rc5 Nb4 37. Bc4 Ra8 38. Rc7 a4 39. Rxf7+ Kh6 40. Rb7 Nc2
41. Rb2 Ne1 42. Kf1 Nf3 43. Ke2 Ng1+ 44. Kd3 Rf8 45. Be6 Kh5 46. Rb5+ Kh6 47.
Rb2 Kg5 48. d5 Nf3 49. Rb4 Ra8 50. Rxg4+ Kf6 51. Kc2 a3 52. Kb1 a2+ 53. Ka1 Nd2
54. Rf4+ Ke5 55. Rb4 Ra3 56. f4+ Kd6 57. e4 Kc5 58. Rb2 Nb3+ 59. Rxb3 Rxb3 60.
d6 Rd3 61. d7 Kc6 62. g4 Kc7 63. f5 gxf5 64. exf5 Ra3 65. g5 Rg3 66. g6 Rg2 67.
Bf7 Kxd7 68. f6 Kd6 69. g7 Ke5 70. Bg6 Rxg6 71. f7 Rxg7 72. f8=Q Rg2 73. Qb8+
Kf5 74. Qb7 Rg4 75. Kxa2 Rg3 76. Qd5+ Kf4 77. Kb2 Re3 78. Kc2 Re5 79. Qd6 Kf5
80. Kd3 Re6 81. Qd5+ Re5 82. Qf7+ Kg5 83. Kd4 Ra5 84. Qe7+ Kg4 85. Qd7+ Kh5 86.
Ke4 Ra1 87. Qh7+ 1-0

[Event "CAN-ch"]
[Site "Kingston CAN"]
[Date "2022.04.14"]
[Round "2.2"]
[White "Sambuev, Bator"]
[Black "Talukdar, Rohan"]
[Result "1-0"]
[WhiteElo "2502"]
[BlackElo "2321"]
[PlyCount "93"]
[EventDate "2022.04.13"]
[EventType "swiss"]
[EventRounds "9"]
[EventCountry "CAN"]

1. e4 c5 2. Ne2 d6 3. g3 e5 4. Bg2 Nc6 5. c3 g6 6. d4 Bg7 7. Be3 b6 8. O-O Nf6
9. h3 O-O 10. d5 Ne7 11. Nd2 Ba6 12. c4 b5 13. b4 bxc4 14. Qa4 Qb6 15. bxc5
dxc5 16. Rab1 Qd6 17. Nxc4 Bxc4 18. Qxc4 Nd7 19. Rb7 Nc8 20. Nc3 Rd8 21. Rc1
Bf8 22. h4 Ncb6 23. Qb5 Rdb8 24. Rxb8 Rxb8 25. Bh3 Nf6 26. Qa6 Qc7 27. f3 Qb7
28. Qxb7 Rxb7 29. Rb1 Ne8 30. a4 Nd6 31. Bf1 Rc7 32. Nb5 Nxb5 33. Bxb5 Bd6 34.
a5 Nd7 35. Bc4 Kf8 36. Kf2 Ke7 37. Ke2 Rc8 38. Kd3 Bc7 39. Ba6 Rd8 40. Rb7 Kd6
41. Bb5 a6 42. Bxd7 Kxd7 43. Bxc5 Rb8 44. Ra7 Kc8 45. d6 Bxa5 46. Rxf7 Rb3+ 47.
Kc4 1-0

[Event "CAN-ch"]
[Site "Kingston CAN"]
[Date "2022.04.14"]
[Round "2.3"]
[White "Plotkin, Victor"]
[Black "Panjwani, Raja"]
[Result "1/2-1/2"]
[WhiteElo "2278"]
[BlackElo "2448"]
[PlyCount "161"]
[EventDate "2022.04.13"]
[EventType "swiss"]
[EventRounds "9"]
[EventCountry "CAN"]

1. e4 e5 2. Nf3 Nc6 3. Bc4 Nf6 4. d3 h6 5. Nc3 d6 6. d4 Bg4 7. Bb5 Nd7 8. dxe5
dxe5 9. Be3 Bd6 10. h3 Bxf3 11. Qxf3 Nd4 12. Qd1 c6 13. Be2 Qf6 14. O-O g5 15.
Bh5 Nc5 16. Ne2 Nxe2+ 17. Qxe2 Ne6 18. Rad1 Bc5 19. Bxc5 Nxc5 20. Qc4 Ne6 21.
Bg4 O-O 22. Bxe6 fxe6 23. Rd7 Rf7 24. Rxf7 Kxf7 25. Qc5 Rd8 26. Qxa7 Rd7 27.
Qe3 Qf4 28. Re1 Rd2 29. Qxf4+ exf4 30. Rc1 Re2 31. f3 Kf6 32. a4 c5 33. b3 Rd2
34. c4 Rb2 35. Rc3 Ke5 36. Rd3 b6 37. Kf1 h5 38. Kg1 g4 39. hxg4 hxg4 40. fxg4
Kxe4 41. Rd6 e5 42. Rxb6 f3 43. gxf3+ Kxf3 44. g5 Rg2+ 45. Kf1 Rxg5 46. a5 Rh5
47. Rf6+ Ke3 48. a6 Rh1+ 49. Kg2 Ra1 50. Rc6 Kd4 51. Rd6+ Kc3 52. Rd5 Kb4 53.
Rxe5 Rxa6 54. Kf3 Ra3 55. Ke2 Rxb3 56. Re4 Kc3 57. Rh4 Rb8 58. Rg4 Rb1 59. Rh4
Rc1 60. Rg4 Rc2+ 61. Kd1 Rh2 62. Rf4 Rd2+ 63. Kc1 Rd3 64. Rh4 Rd8 65. Rg4 Kd3
66. Rh4 Rg8 67. Rf4 Rg2 68. Rh4 Kc3 69. Kd1 Ra2 70. Rg4 Ra1+ 71. Ke2 Rc1 72.
Rh4 Kb3 73. Kd2 Rc3 74. Rg4 Rxc4 75. Rxc4 Kxc4 76. Kc2 Kd4 77. Kd2 c4 78. Kc2
c3 79. Kc1 Ke3 80. Kc2 Kf2 81. Kxc3 1/2-1/2

[Event "CAN-ch"]
[Site "Kingston CAN"]
[Date "2022.04.14"]
[Round "2.4"]
[White "Thavandiran, Shiyam"]
[Black "Dorrance, Adam"]
[Result "1/2-1/2"]
[WhiteElo "2420"]
[BlackElo "2260"]
[PlyCount "83"]
[EventDate "2022.04.13"]
[EventType "swiss"]
[EventRounds "9"]
[EventCountry "CAN"]

1. e4 c6 2. d4 d5 3. Nd2 dxe4 4. Nxe4 Nf6 5. Nxf6+ exf6 6. c3 Bd6 7. Bd3 O-O 8.
Qc2 Re8+ 9. Ne2 h5 10. O-O h4 11. Bf4 Na6 12. Rae1 Nc7 13. Qd2 Ne6 14. Bxd6
Qxd6 15. Qe3 Nc7 16. Qf3 g6 17. Nf4 Bd7 18. Bc4 Kg7 19. g3 Rh8 20. Re3 Rae8 21.
Rxe8 Bxe8 22. Ng2 hxg3 23. fxg3 Bd7 24. h4 Qe7 25. Re1 Be6 26. Nf4 Qd6 27.
Nxe6+ Nxe6 28. Kg2 Nc7 29. Qf4 Qxf4 30. gxf4 Re8 31. Rxe8 Nxe8 32. d5 c5 33.
Bd3 Nd6 34. f5 g5 35. Kg3 gxh4+ 36. Kxh4 Kh6 37. Kg4 Kg7 38. Kf4 Kf8 39. Ke3
Ke7 40. Kf4 Kf8 41. Ke3 Ke7 42. Kf4 1/2-1/2

[Event "CAN-ch"]
[Site "Kingston CAN"]
[Date "2022.04.14"]
[Round "2.5"]
[White "Chiku-Ratte, Olivier-Kenta"]
[Black "Chen, Max"]
[Result "0-1"]
[WhiteElo "2364"]
[BlackElo "1997"]
[PlyCount "140"]
[EventDate "2022.04.13"]
[EventType "swiss"]
[EventRounds "9"]
[EventCountry "CAN"]

1. d4 Nf6 2. c4 g6 3. Nc3 d5 4. Bg5 Ne4 5. Bh4 Nxc3 6. bxc3 Bg7 7. e3 c5 8.
cxd5 Qxd5 9. Nf3 cxd4 10. cxd4 Nc6 11. Be2 e5 12. dxe5 Qa5+ 13. Qd2 Qxd2+ 14.
Nxd2 Bxe5 15. Rc1 O-O 16. O-O Be6 17. Nc4 Bc7 18. a4 Rac8 19. Rb1 b6 20. Na3
Bd6 21. Nb5 Bb8 22. Bg3 Bxg3 23. hxg3 a5 24. Nd6 Rb8 25. Rbc1 Nb4 26. Bb5 Rfd8
27. Rfd1 Bd5 28. Nc4 Bxc4 29. Bxc4 Rbc8 30. Rxd8+ Rxd8 31. Bb5 Kg7 32. Kf1 Rd2
33. Ke1 Rc2 34. Rxc2 Nxc2+ 35. Kd2 Nb4 36. e4 Kf6 37. f4 Ke6 38. Bc4+ Ke7 39.
g4 h6 40. g3 f6 41. Bb5 Kd6 42. Kc3 Kc5 43. g5 hxg5 44. fxg5 fxg5 45. Be8 Na6
46. Bxg6 Nc7 47. Bf7 b5 48. Bb3 bxa4 49. Bxa4 Kd6 50. Kc4 Ke5 51. Kc5 Kxe4 52.
Kd6 Na6 53. Bc6+ Kf5 54. Bd7+ Ke4 55. Bc6+ Ke3 56. Ke5 Nb4 57. Ba4 Kf3 58. Kf5
g4 59. Bd1+ Kxg3 60. Bxg4 a4 61. Bd1 a3 62. Bb3 Kf3 63. Ke5 Ke3 64. Bc4 Nc6+
65. Kd5 Na5 66. Ba2 Kd3 67. Bb1+ Kc3 68. Kc5 Kb2 69. Kb4 Nc4 70. Ka4 Kxb1 0-1

[Event "CAN-ch"]
[Site "Kingston CAN"]
[Date "2022.04.14"]
[Round "2.6"]
[White "MacKinnon, Keith"]
[Black "Rodrigue-Lemieux, Shawn"]
[Result "0-1"]
[WhiteElo "2198"]
[BlackElo "2342"]
[PlyCount "82"]
[EventDate "2022.04.13"]
[EventType "swiss"]
[EventRounds "9"]
[EventCountry "CAN"]

1. c4 e6 2. Nf3 d5 3. e3 Nf6 4. Nc3 Be7 5. b3 O-O 6. Bb2 dxc4 7. Bxc4 a6 8. d4
b5 9. Bd3 Bb7 10. Rc1 Nbd7 11. O-O c5 12. dxc5 Nxc5 13. Bb1 Qb6 14. Ne5 Rfd8
15. Qc2 b4 16. Ne2 Be4 17. Qc4 Bxb1 18. Rxb1 Nfe4 19. Rfd1 Nd2 20. Qf4 f6 21.
Rxd2 Rxd2 22. Nc4 Rad8 23. Bd4 Qb5 24. Nxd2 Qxe2 25. Qc7 Rd7 26. Qc8+ Rd8 27.
Qc7 Rd7 28. Qc8+ Kf7 29. Nf1 Rxd4 30. exd4 Nd3 31. d5 Qxf2+ 32. Kh1 exd5 33.
Qh3 Qc2 34. Qh5+ Kf8 35. Ra1 Nf2+ 36. Kg1 Qc5 37. g3 Qd4 38. Re1 Ng4+ 39. Kh1
Qf2 40. Rc1 Qf3+ 41. Kg1 Bc5+ 0-1

[Event "CAN-ch"]
[Site "Kingston CAN"]
[Date "2022.04.14"]
[Round "2.7"]
[White "Jiang, Brian"]
[Black "Plotkin, Mark"]
[Result "0-1"]
[WhiteElo "1886"]
[BlackElo "2365"]
[PlyCount "80"]
[EventDate "2022.04.13"]
[EventType "swiss"]
[EventRounds "9"]
[EventCountry "CAN"]

1. d4 g6 2. c4 Bg7 3. e4 d6 4. Nc3 Nf6 5. f3 O-O 6. Be3 c6 7. Qd2 a6 8. a4 a5
9. Rd1 Na6 10. Bd3 e5 11. Nge2 exd4 12. Bxd4 Nb4 13. Bb1 Be6 14. b3 d5 15. cxd5
cxd5 16. Qb2 dxe4 17. Nxe4 Nbd5 18. O-O Rc8 19. N2c3 Nxe4 20. Nxd5 Bxd4+ 21.
Qxd4 Bxd5 22. Bxe4 Bxb3 23. Qxd8 Rfxd8 24. Rb1 Rc3 25. Bxb7 Bxa4 26. Ra1 Rd4
27. Rfe1 Rc5 28. Ra3 Rb4 29. Be4 Bb3 30. Kf2 a4 31. Re2 Kg7 32. Rd2 Be6 33. Rd6
Rb2+ 34. Ke3 Rxg2 35. Rxa4 Rxh2 36. Ra7 Kf6 37. Kd4 Rc1 38. Rb6 h5 39. Ra5 h4
40. f4 Rc4+ 0-1

[Event "CAN-ch"]
[Site "Kingston CAN"]
[Date "2022.04.14"]
[Round "2.8"]
[White "Rusonik, Max"]
[Black "Derraugh, Geordie"]
[Result "1-0"]
[WhiteElo "2115"]
[BlackElo "2202"]
[PlyCount "139"]
[EventDate "2022.04.13"]
[EventType "swiss"]
[EventRounds "9"]
[EventCountry "CAN"]

1. e4 c5 2. Nf3 e6 3. d4 cxd4 4. Nxd4 Nc6 5. Nb5 d6 6. c4 Nf6 7. N1c3 a6 8. Na3
b6 9. Be2 Bb7 10. O-O Be7 11. Be3 Ne5 12. f4 Ned7 13. Bf3 O-O 14. Rc1 Rc8 15.
Qe2 Rc7 16. Nab1 Qa8 17. Nd2 Rfc8 18. Kh1 Nc5 19. Bd4 Ncd7 20. a4 e5 21. Be3
Nc5 22. Bxc5 Rxc5 23. b4 R5c7 24. Nd5 Bxd5 25. exd5 exf4 26. Be4 b5 27. axb5
axb5 28. c5 Nxe4 29. Nxe4 Qxd5 30. Rcd1 Qe5 31. cxd6 Bxd6 32. Rxd6 Rc4 33. Rfd1
Rf8 34. Ng3 Qxe2 35. Nxe2 Rxb4 36. R6d4 Rxd4 37. Rxd4 Re8 38. Kg1 g5 39. Kf2
Kg7 40. Rd5 f6 41. Rxb5 Re6 42. Nd4 Ra6 43. Rb2 Kg6 44. Re2 Rd6 45. Nf3 h5 46.
Re8 Ra6 47. h4 g4 48. Nd4 Ra3 49. Re4 g3+ 50. Kf1 Ra1+ 51. Re1 Ra2 52. Rc1 Rf2+
53. Kg1 Ra2 54. Rf1 Rd2 55. Ne6 f5 56. Nxf4+ Kh6 57. Re1 Rd4 58. Rf1 Rd2 59.
Nh3 Kg6 60. Kh1 Rd4 61. Rf3 Rd1+ 62. Ng1 Rd4 63. Rxg3+ Kh6 64. Nf3 Ra4 65. Kh2
Rb4 66. Kh3 Rg4 67. Rxg4 fxg4+ 68. Kg3 gxf3 69. Kxf3 Kg7 70. Ke4 1-0

[Event "CAN-ch"]
[Site "Kingston CAN"]
[Date "2022.04.14"]
[Round "2.9"]
[White "Dukic, Zachary"]
[Black "Clyde, Jordan"]
[Result "0-1"]
[WhiteElo "2226"]
[BlackElo "2088"]
[PlyCount "52"]
[EventDate "2022.04.13"]
[EventType "swiss"]
[EventRounds "9"]
[EventCountry "CAN"]

1. e4 d6 2. d4 Nf6 3. Nc3 g6 4. Be3 Bg7 5. Qd2 Ng4 6. Bg5 h6 7. Bh4 c6 8. h3
Nf6 9. f4 b5 10. a3 a6 11. Bd3 Bb7 12. e5 dxe5 13. dxe5 Nd5 14. Nf3 Nxc3 15.
Qxc3 Qc7 16. O-O Nd7 17. a4 O-O 18. Kh1 Nb6 19. axb5 axb5 20. Be4 Na4 21. Qb4
c5 22. Qxb5 Bxe4 23. Rxa4 Bc6 24. Qxc5 Rxa4 25. Bxe7 Rc8 26. Rd1 Bxf3 0-1

[Event "CAN-ch"]
[Site "Kingston CAN"]
[Date "2022.04.14"]
[Round "2.11"]
[White "Barron, Michael"]
[Black "Nicula, Marius"]
[Result "0-1"]
[WhiteElo "2108"]
[BlackElo "2186"]
[PlyCount "52"]
[EventDate "2022.04.13"]
[EventType "swiss"]
[EventRounds "9"]
[EventCountry "CAN"]

1. e4 e6 2. d4 d5 3. Nd2 Be7 4. Ngf3 Nf6 5. e5 Nfd7 6. Be2 c5 7. c3 Nc6 8. Nf1
Qa5 9. dxc5 Ndxe5 10. b4 Nxf3+ 11. Bxf3 Qd8 12. Be3 O-O 13. Qb3 b6 14. cxb6
axb6 15. Nd2 Ba6 16. b5 Na5 17. Qa4 Bb7 18. Qd4 Bf6 19. Qb4 Rc8 20. Nb1 Rc4 21.
Qb2 d4 22. Bxd4 Bxf3 23. gxf3 Bxd4 24. cxd4 Rxd4 25. Nd2 Qd5 26. Ne4 Rxe4+ 0-1

[Event "CAN-ch"]
[Site "Kingston CAN"]
[Date "2022.04.14"]
[Round "2.12"]
[White "Tremblay, Rejean"]
[Black "Palsson, Halldor"]
[Result "1-0"]
[WhiteElo "2167"]
[BlackElo "1833"]
[PlyCount "69"]
[EventDate "2022.04.13"]
[EventType "swiss"]
[EventRounds "9"]
[EventCountry "CAN"]

1. e4 e6 2. d4 d5 3. Nd2 Nf6 4. e5 Nfd7 5. f4 c5 6. c3 Nc6 7. Ndf3 Qb6 8. g3
cxd4 9. cxd4 Bb4+ 10. Kf2 O-O 11. Kg2 f6 12. Bd3 Rf7 13. Ne2 Nf8 14. h4 Bd7 15.
h5 Rc8 16. h6 Be7 17. hxg7 Rxg7 18. exf6 Bxf6 19. Rh6 Qd8 20. Bd2 Be8 21. Rc1
Bg6 22. Bxg6 Nxg6 23. Qb3 Rcc7 24. Qe3 Qe7 25. Rh3 Nf8 26. b4 Qd6 27. b5 Ne7
28. Bb4 Nf5 29. Qa3 Qd8 30. Qxa7 Rxc1 31. Nxc1 Qc7 32. Qc5 Ng6 33. Ne2 Nxf4+
34. Nxf4 Qxc5 35. dxc5 1-0

[Event "CAN-ch"]
[Site "Kingston CAN"]
[Date "2022.04.14"]
[Round "2.13"]
[White "Zheng, Richard"]
[Black "Abrahams, Daniel"]
[Result "1-0"]
[WhiteElo "2036"]
[BlackElo "2163"]
[PlyCount "59"]
[EventDate "2022.04.13"]
[EventType "swiss"]
[EventRounds "9"]
[EventCountry "CAN"]

1. d4 Nf6 2. c4 e6 3. Nc3 Bb4 4. Qc2 c5 5. dxc5 Qc7 6. Nf3 a6 7. g3 Bxc5 8. Bg2
Nc6 9. O-O O-O 10. a3 Be7 11. Bf4 d6 12. Rfd1 Ne5 13. b3 Rb8 14. Ne4 Nxe4 15.
Qxe4 Nxf3+ 16. Qxf3 b5 17. Rac1 Bb7 18. e4 bxc4 19. Rxc4 Qb6 20. Rb4 Qa5 21.
Bxd6 Bxd6 22. Rxd6 Qxa3 23. Rdb6 Qc1+ 24. Bf1 Qc7 25. Qf4 e5 26. Qe3 a5 27.
R4b5 Ba8 28. Rxb8 Rxb8 29. Qc3 Qd8 30. Qxa5 1-0

[Event "CAN-ch"]
[Site "Kingston CAN"]
[Date "2022.04.14"]
[Round "2.14"]
[White "Han, Johnathan"]
[Black "Tanaka, Tyler"]
[Result "0-1"]
[WhiteElo "2009"]
[BlackElo "2113"]
[PlyCount "98"]
[EventDate "2022.04.13"]
[EventType "swiss"]
[EventRounds "9"]
[EventCountry "CAN"]

1. e4 c6 2. d4 d5 3. Nd2 dxe4 4. Nxe4 Nf6 5. Nxf6+ exf6 6. c3 Bd6 7. Bd3 O-O 8.
Ne2 Re8 9. Qc2 h5 10. Be3 Nd7 11. O-O-O Nf8 12. Kb1 Be6 13. Rhe1 b5 14. Nc1 Bd5
15. f3 Qc7 16. Qf2 Bxh2 17. f4 Rxe3 18. Qxe3 Bxf4 19. Qh3 g6 20. Be4 Be6 21.
Qd3 Rd8 22. Nb3 f5 23. Bf3 Bc4 24. Qc2 Bg3 25. Rh1 h4 26. Nc5 Ne6 27. b3 Bd5
28. Bxd5 cxd5 29. Nxe6 fxe6 30. Rd3 Qf4 31. Kb2 Kf7 32. Qe2 a6 33. Rf1 Qg5 34.
Re3 Rd6 35. Ra1 Qf4 36. a4 b4 37. Rd1 a5 38. Rf3 Qe4 39. Qd2 Rc6 40. Qh6 bxc3+
41. Rxc3 Rxc3 42. Kxc3 Be1+ 43. Kb2 Qxg2+ 44. Kc1 Qg3 45. Qh7+ Kf6 46. Qh8+ Kg5
47. Qd8+ Kg4 48. Qb6 Qe3+ 49. Kb1 h3 0-1

[Event "CAN-ch"]
[Site "Kingston CAN"]
[Date "2022.04.14"]
[Round "3.1"]
[White "Chen, Max"]
[Black "Sambuev, Bator"]
[Result "0-1"]
[WhiteElo "1997"]
[BlackElo "2502"]
[PlyCount "60"]
[EventDate "2022.04.13"]
[EventType "swiss"]
[EventRounds "9"]
[EventCountry "CAN"]

1. e4 d6 2. d4 Nf6 3. Nc3 e5 4. Nge2 Nc6 5. d5 Ne7 6. g3 c6 7. Bg2 cxd5 8. exd5
g6 9. O-O Bg7 10. h3 O-O 11. f4 Nf5 12. Kh2 Re8 13. fxe5 dxe5 14. Bg5 h6 15.
Bxf6 Bxf6 16. Qd3 Bg7 17. Ne4 Qb6 18. Rf3 Nd4 19. Nxd4 exd4 20. Raf1 f5 21. Nd2
Bd7 22. Nc4 Qc5 23. g4 Rac8 24. gxf5 Bxf5 25. Rxf5 gxf5 26. Qxf5 Qxc4 27. d6
Rc5 28. d7 Rd8 29. Qg6 Re5 30. b3 Qc7 0-1

[Event "CAN-ch"]
[Site "Kingston CAN"]
[Date "2022.04.14"]
[Round "3.2"]
[White "Rodrigue-Lemieux, Shawn"]
[Black "Zhang, Yuanchen"]
[Result "1-0"]
[WhiteElo "2342"]
[BlackElo "2330"]
[PlyCount "97"]
[EventDate "2022.04.13"]
[EventType "swiss"]
[EventRounds "9"]
[EventCountry "CAN"]

1. c4 Nf6 2. Nc3 c5 3. g3 d5 4. cxd5 Nxd5 5. Bg2 Nc7 6. Nf3 Nc6 7. O-O e5 8. a3
Be7 9. b4 cxb4 10. axb4 f6 11. b5 Nd4 12. b6 Nxf3+ 13. Bxf3 axb6 14. Rxa8 Nxa8
15. Qa4+ Bd7 16. Qc4 Qc8 17. Qa2 Be6 18. Nd5 Bc5 19. Ba3 Kf7 20. Rc1 Rd8 21. e4
Qc6 22. Qb1 Rc8 23. d4 exd4 24. Nf4 Nc7 25. Kg2 Qb5 26. Bb2 g6 27. Nxe6 Nxe6
28. Qa2 Rd8 29. e5 fxe5 30. Re1 Kf6 31. Bc1 Qa5 32. Qe2 Bb4 33. Rd1 Qc5 34.
Bxb7 Rd7 35. Qg4 Qd6 36. Bh6 Ke7 37. Be4 Nc5 38. Bf3 Qe6 39. Qh4+ Kf7 40. Bg4
Qd5+ 41. Kg1 Rb7 42. f4 e4 43. f5 Kg8 44. Qf6 Rf7 45. Qxd4 Qxd4+ 46. Rxd4 Nd3
47. Rd8+ Rf8 48. fxg6 Bc5+ 49. Kg2 1-0

[Event "CAN-ch"]
[Site "Kingston CAN"]
[Date "2022.04.14"]
[Round "3.3"]
[White "Panjwani, Raja"]
[Black "Rusonik, Max"]
[Result "1-0"]
[WhiteElo "2448"]
[BlackElo "2115"]
[PlyCount "73"]
[EventDate "2022.04.13"]
[EventType "swiss"]
[EventRounds "9"]
[EventCountry "CAN"]

1. d4 Nf6 2. c4 e6 3. Nf3 d5 4. g3 c5 5. cxd5 exd5 6. Bg2 Nc6 7. O-O Be7 8.
dxc5 Bxc5 9. a3 Ne4 10. Nfd2 f5 11. Nc3 Be6 12. Nb3 Be7 13. Be3 O-O 14. Nd4
Nxd4 15. Bxd4 Rc8 16. e3 a6 17. Ne2 Qd7 18. Nf4 Rc6 19. f3 Nd6 20. Nd3 Nf7 21.
Rc1 Rxc1 22. Qxc1 Rc8 23. Qa1 Bf8 24. b3 Nd8 25. b4 Nf7 26. Rd1 Nd6 27. Nf4 Bf7
28. Bh3 Re8 29. Qb1 Qa4 30. Rd3 Nc4 31. Bxf5 Nxa3 32. Rxa3 Qxa3 33. Bxh7+ Kh8
34. Qf5 Rxe3 35. Ng6+ Kxh7 36. Qh5+ Kg8 37. Qh8# 1-0

[Event "CAN-ch"]
[Site "Kingston CAN"]
[Date "2022.04.14"]
[Round "3.4"]
[White "Plotkin, Mark"]
[Black "Thavandiran, Shiyam"]
[Result "0-1"]
[WhiteElo "2365"]
[BlackElo "2420"]
[PlyCount "87"]
[EventDate "2022.04.13"]
[EventType "swiss"]
[EventRounds "9"]
[EventCountry "CAN"]

1. c4 Nf6 2. Nc3 d6 3. d4 Nbd7 4. e4 e5 5. d5 g6 6. f3 Bg7 7. Bg5 h6 8. Be3 a6
9. Qd2 Nc5 10. g4 h5 11. g5 Nh7 12. O-O-O O-O 13. h4 f6 14. Be2 fxg5 15. hxg5
Rf4 16. b4 Nd7 17. Nh3 Rf7 18. Nf2 Bf8 19. Nd3 Be7 20. f4 exf4 21. Nxf4 Ne5 22.
Rdg1 Rg7 23. Qd1 Bxg5 24. Qd2 Qe7 25. Rh2 Bg4 26. Ne6 Bxe3 27. Qxe3 Bxe6 28.
dxe6 c6 29. Rhg2 Nf6 30. c5 Qxe6 31. Bd1 Kh7 32. Bb3 Qe7 33. cxd6 Qxd6 34. Kc2
Qxb4 35. Qf4 Qe7 36. Rg5 Nfd7 37. Qf5 Kh8 38. Qh3 Rf8 39. R1g3 Qf6 40. Ne2 Qf2
41. Rg2 Qf3 42. Ng3 Qd3+ 43. Kb2 Qe3 44. Qh4 0-1

[Event "CAN-ch"]
[Site "Kingston CAN"]
[Date "2022.04.14"]
[Round "3.5"]
[White "Dorrance, Adam"]
[Black "Plotkin, Victor"]
[Result "1/2-1/2"]
[WhiteElo "2260"]
[BlackElo "2278"]
[PlyCount "80"]
[EventDate "2022.04.13"]
[EventType "swiss"]
[EventRounds "9"]
[EventCountry "CAN"]

1. d4 Nf6 2. c4 d6 3. Nf3 Nbd7 4. Nc3 e5 5. e4 c6 6. Be2 Be7 7. O-O O-O 8. h3
Qc7 9. Be3 Re8 10. Qc2 Nf8 11. Rfd1 h6 12. b4 Ng6 13. Qc1 Bf8 14. d5 Bd7 15.
Qd2 Rac8 16. Rac1 Qb8 17. Nh2 cxd5 18. cxd5 Be7 19. Ng4 Nxg4 20. Bxg4 Bxg4 21.
hxg4 Rc4 22. b5 Rec8 23. Ne2 Bh4 24. g3 Bd8 25. f3 Nf8 26. Qd3 Rxc1 27. Rxc1
Nd7 28. Rxc8 Qxc8 29. Qc3 Qxc3 30. Nxc3 Bb6 31. Kf2 Kf8 32. Bxb6 Nxb6 33. Ke3
Ke7 34. Kd3 g6 35. Nd1 Nd7 36. Ne3 Nc5+ 37. Kc3 Kd7 38. Nc4 Kc7 39. Kc2 Na4 40.
Kb3 Nc5+ 1/2-1/2

[Event "CAN-ch"]
[Site "Kingston CAN"]
[Date "2022.04.14"]
[Round "3.6"]
[White "Noritsyn, Nikolay"]
[Black "Tremblay, Rejean"]
[Result "0-1"]
[WhiteElo "2512"]
[BlackElo "2167"]
[PlyCount "62"]
[EventDate "2022.04.13"]
[EventType "swiss"]
[EventRounds "9"]
[EventCountry "CAN"]

1. e4 e6 2. d4 d5 3. e5 c5 4. c3 Nc6 5. Nf3 Qb6 6. Bd3 cxd4 7. O-O Bd7 8. Re1
g6 9. cxd4 Nxd4 10. Nxd4 Qxd4 11. Nc3 Qb6 12. Qg4 h5 13. Qg3 O-O-O 14. Bg5 Be7
15. Rac1 Kb8 16. b4 h4 17. Qf4 Bxg5 18. Qxg5 h3 19. b5 Rc8 20. Na4 Qa5 21.
Rxc8+ Bxc8 22. Rc1 Nh6 23. Nc5 hxg2 24. a4 Qd8 25. Qf4 Nf5 26. Bxf5 gxf5 27.
Rc3 Rh4 28. Qg3 Rg4 29. Qd3 Qh4 30. h3 Qxf2+ 31. Kxf2 g1=Q+ 0-1

[Event "CAN-ch"]
[Site "Kingston CAN"]
[Date "2022.04.14"]
[Round "3.7"]
[White "Nicula, Marius"]
[Black "Chiku-Ratte, Olivier-Kenta"]
[Result "1-0"]
[WhiteElo "2186"]
[BlackElo "2364"]
[PlyCount "69"]
[EventDate "2022.04.13"]
[EventType "swiss"]
[EventRounds "9"]
[EventCountry "CAN"]

1. Nf3 Nf6 2. g3 b5 3. Bg2 Bb7 4. d4 e6 5. O-O Be7 6. Bg5 h6 7. Bxf6 Bxf6 8.
Qd3 O-O 9. Ng5 Bxg5 10. Bxb7 Nc6 11. Bxa8 Qxa8 12. c3 Qb7 13. Nd2 d5 14. f4 Be7
15. e4 dxe4 16. Qxe4 Qb6 17. Nf3 Bf6 18. Rf2 Ne7 19. a4 b4 20. Ne5 Rd8 21. a5
Qb5 22. a6 c6 23. Qd3 Qb6 24. Ng4 Nd5 25. Ne3 bxc3 26. Nxd5 Rxd5 27. bxc3 c5
28. Rb1 Qc6 29. Rb8+ Bd8 30. Qb5 Qxb5 31. Rxb5 Bb6 32. Ra2 cxd4 33. Rxb6 d3 34.
Rb8+ Kh7 35. Rd2 1-0

[Event "CAN-ch"]
[Site "Kingston CAN"]
[Date "2022.04.14"]
[Round "3.8"]
[White "Talukdar, Rohan"]
[Black "Jiang, Brian"]
[Result "1-0"]
[WhiteElo "2321"]
[BlackElo "1886"]
[PlyCount "65"]
[EventDate "2022.04.13"]
[EventType "swiss"]
[EventRounds "9"]
[EventCountry "CAN"]

1. e4 c5 2. Nf3 Nc6 3. Bb5 e6 4. O-O Nge7 5. d4 cxd4 6. Nxd4 Qb6 7. Nxc6 bxc6
8. Bd3 Ng6 9. c4 Bc5 10. Nc3 Bd4 11. Ne2 Bf6 12. Rb1 a5 13. Be3 c5 14. f4 d6
15. Ng3 O-O 16. Nh5 Qd8 17. Qg4 Re8 18. b3 Ra7 19. Rbd1 Rb7 20. e5 Be7 21. Be4
Rc7 22. Rd2 Bb7 23. Bxb7 Rxb7 24. Bxc5 Rd7 25. Rfd1 d5 26. Bxe7 Qxe7 27. cxd5
Qc5+ 28. Kh1 Rxd5 29. Rxd5 exd5 30. f5 Rxe5 31. fxg6 hxg6 32. Nf4 Qf2 33. Nd3
1-0

[Event "CAN-ch"]
[Site "Kingston CAN"]
[Date "2022.04.14"]
[Round "3.9"]
[White "Tanaka, Tyler"]
[Black "MacKinnon, Keith"]
[Result "1-0"]
[WhiteElo "2113"]
[BlackElo "2198"]
[PlyCount "111"]
[EventDate "2022.04.13"]
[EventType "swiss"]
[EventRounds "9"]
[EventCountry "CAN"]

1. Nf3 Nf6 2. g3 e6 3. Bg2 d5 4. O-O Be7 5. c4 dxc4 6. Qa4+ Nbd7 7. Qxc4 a6 8.
Qc2 O-O 9. d4 c5 10. Rd1 Re8 11. Nc3 cxd4 12. Nxd4 Qc7 13. h3 Nb6 14. Bd2 Bd7
15. Rac1 Rac8 16. Qb3 Bc5 17. Bg5 e5 18. Bxf6 Bxd4 19. Bg5 Qb8 20. Bd2 Qa7 21.
Qc2 Nc4 22. e3 Bc5 23. Be1 b5 24. Qe2 Be6 25. b3 Nb6 26. Ne4 Be7 27. Ba5 f5 28.
Rxc8 Rxc8 29. Nc3 Rd8 30. Rxd8+ Bxd8 31. Qd3 Be7 32. Bxb6 Qxb6 33. Bd5 e4 34.
Qd1 Bf6 35. Bxe6+ Qxe6 36. Ne2 g5 37. Nd4 Qd7 38. Qh5 a5 39. h4 Bxd4 40. exd4
gxh4 41. Qxh4 a4 42. Qf6 axb3 43. axb3 Qd5 44. b4 Qb3 45. Qg5+ Kh8 46. Qxf5
Qxb4 47. Qxe4 Qc4 48. Qe5+ Kg8 49. d5 b4 50. d6 b3 51. Qg5+ Kf7 52. d7 b2 53.
Qh5+ Ke6 54. d8=Q b1=Q+ 55. Kh2 Qcc2 56. Qhd5# 1-0

[Event "CAN-ch"]
[Site "Kingston CAN"]
[Date "2022.04.14"]
[Round "3.11"]
[White "Dukic, Zachary"]
[Black "Zheng, Richard"]
[Result "1-0"]
[WhiteElo "2226"]
[BlackElo "2036"]
[PlyCount "105"]
[EventDate "2022.04.13"]
[EventType "swiss"]
[EventRounds "9"]
[EventCountry "CAN"]

1. e4 c6 2. d4 d5 3. e5 c5 4. Nf3 cxd4 5. Nxd4 Nc6 6. Nxc6 bxc6 7. Bd3 e6 8.
O-O Ne7 9. Be3 Ng6 10. f4 Qa5 11. Kh1 Bc5 12. Bd2 Qc7 13. Nc3 Bd7 14. Na4 Be7
15. c4 O-O 16. Rc1 Qb7 17. Be3 Rfd8 18. Qe2 c5 19. Nxc5 Bxc5 20. Bxc5 Bc6 21.
Bd6 d4 22. Rc2 f5 23. Qf2 Kf7 24. b4 Rxd6 25. exd6 Qxb4 26. c5 Rb8 27. h3 Qa3
28. Qe2 Nh4 29. Rf2 Ng6 30. Kh2 Nf8 31. Rc4 Nd7 32. Qc2 Nf6 33. Rxd4 h5 34. Rc4
Nd5 35. Qd2 Bb5 36. Rd4 Bc6 37. Bxf5 Qxc5 38. Be4 Qxd6 39. Bxd5 Bxd5 40. Qe3 g6
41. Ra4 a6 42. Qe5 Qc5 43. Rd4 Rb1 44. Rdd2 Rc1 45. f5 Rh1+ 46. Kg3 Qa3+ 47.
Rf3 h4+ 48. Kxh4 Qe7+ 49. f6 Qf8 50. Rxd5 g5+ 51. Qxg5 exd5 52. Qxd5+ Kg6 53.
Qh5# 1-0